Quick Pick: Golf Words Quiz Stats

Quiz Updated Aug 13, 2017

Challenge
Share
Tweet
Embed
Score 0/12 Timer 01:00
5 Plays Today
% Correct
Par
97.8%
Putt
97%
Tee
96.6%
Putter
96%
Bogey
95.6%
Irons
95.6%
Green
95.1%
Birdie
94.7%
Bunker
94.3%
Eagle
94.1%
Rough
93.1%
Chip
89.9%

Today's Daily Dose

Missing Word
Jazz Songs 'C'

On This Day
January 18th

You're not logged in!

Compare scores with friends on all Sporcle quizzes.
Sign Up with Email
OR
Log In

You Might Also Like...

Show Comments

Extras

Top Quizzes Today


Score Distribution

Your Account Isn't Verified!

In order to create a playlist on Sporcle, you need to verify the email address you used during registration. Go to your Sporcle Settings to finish the process.